000 00302nam a2200121Ia 4500
008 240521s2006 xx 000 0 und d
041 _aeng
082 _a749.213
100 _aKRISHEN P.
245 _aTREES OF DELHI AFIELD GUIDE
260 _bDORLING KINDERSLEY PVT LTD DELHI
_c2006
300 _a360
999 _c1161052
_d1161052